00461nam a2200169Ia 450000500170000000800410001704000190005804100120007708200190008910000180010824500620012626000340018830000110022250400190023365000290025285000100028120230118101449.0131103s9999 xx 000 0 und d aLoreto College aEnglish a821.6bBUR-BRO aBrown, Hilton aThere was a ladb an essay on Robert Burns cHilton Brown aLondonbHamish Hamiltonc1949 a260p.  aIncludes index aBurn, Robert - Criticism aLCLIB